[Event "Novosibirsk Sukharev Memorial op"]
[Site "Novosibirsk"]
[Date "2011.07.24"]
[Round "7"]
[White "Mastilin, Alexander"]
[Black "Klimenko, Andrey"]
[Result "1-0"]
[WhiteElo "2038"]
[BlackElo "1713"]
[PlyCount "73"]
[EventDate "2011.07.18"]
[EventType "swiss"]
[EventRounds "9"]
[EventCountry "RUS"]
[SourceTitle "EXT 2012"]
[Source "ChessBase"]
[SourceDate "2011.11.24"]
[SourceVersion "1"]
[SourceVersionDate "2011.11.24"]
[SourceQuality "1"]

1. d4 d5 2. Nf3 Nf6 3. Bf4 e6 4. e3 Be7 5. c4 b6 6. Nc3 0-0 7. cxd5 Nxd5 8. Bg3 Bb7 9. Bd3 c5 10. 0-0 Nd7 11. Rc1 N7f6 12. Re1 Rc8 13. Qa4 Nxc3 14. bxc3 Ra8 15. Ne5 Qc8 16. f3 a6 17. c4 cxd4 18. exd4 Rd8 19. Bf2 Qb8 20. Nc6 Bxc6 21. Qxc6 b5 22. cxb5 axb5 23. Qc2 b4 24. Bc4 Nd5 25. Bd3 g6 26. h4 Nc3 27. Ra1 Rc8 28. Qd2 Qd6 29. h5 Ra5 30. hxg6 hxg6 31. g3 Rca8 32. Bc4 Qc6 33. Qd3 Bf6 34. Rxe6 fxe6 35. Qxg6+ Bg7 36. Bxe6+ Kh8 37. Kg2 1-0

[Event "Capital of Sibiria op"]
[Site "Novosibirsk"]
[Date "2002.07.27"]
[Round "9"]
[White "Mastilin, Alexander"]
[Black "Okhrimenko, Evgeniy"]
[Result "1-0"]
[WhiteElo "2079"]
[BlackElo "2178"]
[PlyCount "83"]
[EventDate "2002.07.19"]
[EventType "swiss"]
[EventRounds "9"]
[EventCountry "RUS"]
[SourceTitle "CBM 089 Extra"]
[Source "ChessBase"]
[SourceDate "2002.09.10"]
[SourceVersion "2"]
[SourceVersionDate "2002.09.10"]
[SourceQuality "1"]

1. c4 Nf6 2. Nc3 c5 3. Nf3 e6 4. g3 Nc6 5. Bg2 d5 6. cxd5 exd5 7. d4 c4 8. Ne5 Bb4 9. 0-0 0-0 10. Bg5 Bxc3 11. bxc3 h6 12. Bf4 Re8 13. Qa4 Bd7 14. Qa3 g5 15. Nxc6 Bxc6 16. Be3 Ng4 17. Bc1 Nf6 18. Qb2 Qe7 19. e3 b5 20. f3 a5 21. a3 Rab8 22. Bd2 Qc7 23. Rae1 Rbc8 24. Qc2 Qd6 25. e4 Qxa3 26. e5 Nh5 27. f4 Qb3 28. Qc1 b4 29. fxg5 bxc3 30. Bxc3 hxg5 31. Qxg5+ Ng7 32. Rc1 a4 33. h4 Re6 34. h5 Qb7 35. Bh3 Qe7 36. Qxe7 Rxe7 37. Bxc8 Nxh5 38. Rf5 Ng7 39. Rf6 Rc7 40. Bg4 Ne8 41. Rxc6 Rxc6 42. Bd7 1-0

[Event "Capital of Sibiria op"]
[Site "Novosibirsk"]
[Date "2002.07.25"]
[Round "7"]
[White "Mastilin, Alexander"]
[Black "Klimov, Valery"]
[Result "0-1"]
[WhiteElo "2079"]
[BlackElo "2016"]
[PlyCount "87"]
[EventDate "2002.07.19"]
[EventType "swiss"]
[EventRounds "9"]
[EventCountry "RUS"]
[SourceTitle "CBM 089 Extra"]
[Source "ChessBase"]
[SourceDate "2002.09.10"]
[SourceVersion "2"]
[SourceVersionDate "2002.09.10"]
[SourceQuality "1"]

1. b3 Nf6 2. g3 g6 3. Bb2 Bg7 4. Bg2 0-0 5. c4 d6 6. d4 Nbd7 7. Nf3 c6 8. 0-0 Re8 9. Re1 Qc7 10. Nc3 e5 11. e4 Nh5 12. Qd2 Nf8 13. h3 Ne6 14. d5 Nd4 15. Nh2 c5 16. Qd3 f5 17. Bc1 f4 18. Nb5 Nxb5 19. cxb5 g5 20. g4 Nf6 21. Nf3 h6 22. Nd2 h5 23. f3 Bd7 24. a4 b6 25. Ba3 a5 26. bxa6 Bc8 27. Bf1 Bxa6 28. Qc3 Bxf1 29. Rxf1 Bf8 30. Kf2 Ra7 31. Qc4 Rea8 32. Rg1 h4 33. Nb1 Qd7 34. Nc3 Ne8 35. Nb5 Ra6 36. Bb2 Nc7 37. Nxc7 Qxc7 38. Bc3 Qd7 39. Ke2 Be7 40. Bxe5 dxe5 41. d6+ Kg7 42. dxe7 Qxe7 43. Rgd1 Rd8 44. Rd5 0-1